000 00558nam a22001817a 4500
003 BD-ChCU
005 20251209100741.0
008 251209b bg ||||| |||| 00| 0 ben d
040 _cBD-ChCU
082 _a375.5 STI
100 _aStephenson, Reginold J.ed
_917754
245 _aIntroductory general course in the physical sciences, syllabus.//
_cReginold J. Stephenson.
250 _a11th ed.
260 _aChicago
_bUniv. of Chicago Book store.
_c1941
300 _axi, 281p
650 0 _aIntroductory - Physical science.
_917756
942 _2ddc
_cBK
_n0
999 _c110256
_d110256